Capitals of the United States Alphabetical - Statistics

General Stats
  • This quiz has been taken 100 times
  • The average score is 31 of 50
Answer Stats
Capital City % Correct
Albany
97%
Annapolis
91%
Augusta
86%
Boise
86%
Atlanta
83%
Denver
83%
Baton Rouge
80%
Carson City
80%
Dover
80%
Bismarck
77%
Boston
77%
Austin
74%
Columbia
74%
Columbus
74%
Des Moines
74%
Cheyenne
69%
Charleston
66%
Concord
66%
Hartford
66%
Jackson
66%
Jefferson City
66%
Little Rock
66%
Frankfort
63%
Indianapolis
63%
Trenton
63%
Helena
60%
Honolulu
60%
Montgomery
60%
Harrisburg
57%
Lansing
57%
Nashville
57%
Pierre
54%
Springfield
54%
Madison
51%
Olympia
51%
Providence
51%
Sacramento
51%
Tallahassee
51%
Phoenix
49%
Salem
49%
Salt Lake City
49%
Santa Fe
49%
Juneau
46%
Lincoln
46%
Montpelier
46%
Oklahoma City
46%
Raleigh
46%
Richmond
46%
St. Paul
46%
Topeka
46%
No matching quizzes found
Score Distribution
Percent of People with Each Score
Percentile by Number Answered
Your Score History
You have not taken this quiz